| 000 | 00778nam a2200229 a 4500 | ||
|---|---|---|---|
| 999 |
_c5992 _d5992 |
||
| 001 | 5992 | ||
| 003 | BD-JhCC | ||
| 005 | 20180101122834.0 | ||
| 008 | 171231s1988 bg |||| ||a| 000 0 ben d | ||
| 035 | _a(BD-JhCC)5992 | ||
| 040 |
_aBD-JhCC _dBD-JhCC |
||
| 041 | _aben | ||
| 082 |
_a050 _bSHA 1988 |
||
| 245 |
_aসাহিত্যপত্র ত্রৈমাসিক পত্রিকা : এপ্রিল-জুন 1988 / _cবিজলী প্রভা সাহা (সম্পদিত) |
||
| 260 |
_aঢাকা : _bজহরলাল সাহা, _c1988. |
||
| 300 |
_a195 p. : _c22 cm. |
||
| 650 |
_aBengali Academy _xPreiodicals |
||
| 650 | _aMagazine | ||
| 700 | _aসাহা, বিজলী প্রভা | ||
| 942 |
_2ddc _cBK |
||